00633nam a2200181Ia 4500008004100000082001700041100002000058245005000078250000800128260003100136300001200167500002400179650001600203942000700219952010400226952010400330999001700434230524s9999 xx 000 0 und d a515.625bMUR aDaniel A.Murray 0aIntroductory Course in Differential equations a1ST aCALCUTTAbRadha Pub.c2004 aXVI;133 aQuantity Number: 2 aMathematics cBK 00104070aTATCLbTATCLcGENd2023-05-24l0o515.625 MURp8981r2023-05-24w2023-05-24yBKzBS1101 00104070aTATCLbTATCLcGENd2023-05-24l0o515.625 MURp8982r2023-05-24w2023-05-24yBKzBS1101 c32984d32984